[Event "MSRCH16"]
[Site "?"]
[Date "2026.04.11"]
[Round "2.1"]
[White "Ropovik, Samuel"]
[Black "Hudak, Michal"]
[Result "1-0"]
[BlackElo "1804"]
[WhiteElo "2072"]
[LiveChessVersion "1.4.8"]

1. e4 {[%clk 1:30:46]} c5 {[%clk 1:30:48]} 2. Nf3 {[%clk 1:31:04]} e6
{[%clk 1:31:09]} 3. d4 {[%clk 1:31:22]} cxd4 {[%clk 1:31:26]} 4. Nxd4
{[%clk 1:31:40]} a6 {[%clk 1:31:45]} 5. Nc3 {[%clk 1:28:13]} Qc7 {[%clk 1:31:51]}
6. Bd3 {[%clk 1:26:27]} Nf6 {[%clk 1:31:29]} 7. O-O {[%clk 1:25:49]} Nc6
{[%clk 1:30:27]} 8. Nxc6 {[%clk 1:24:18]} dxc6 {[%clk 1:30:48]} 9. f4
{[%clk 1:18:24]} e5 {[%clk 1:31:02]} 10. Qe1 {[%clk 1:14:14]} Bd6
{[%clk 1:25:21]} 11. Qg3 {[%clk 1:11:23]} exf4 {[%clk 0:49:00]} 12. Qxg7
{[%clk 0:41:12]} Rg8 {[%clk 0:49:22]} 13. Qxf6 {[%clk 0:36:02]} Bh3
{[%clk 0:48:57]} 14. Rf2 {[%clk 0:35:08]} Bc5 {[%clk 0:47:19]} 15. Bf1
{[%clk 0:30:31]} Bxf2+ {[%clk 0:32:22]} 16. Kxf2 {[%clk 0:30:54]} Qb6+
{[%clk 0:22:02]} 17. Ke1 {[%clk 0:30:59]} Rxg2 {[%clk 0:10:47]} 18. Qe5+
{[%clk 0:28:24]} Kf8 19. Qxf4 {[%clk 0:27:12]} Qg1 {[%clk 0:04:03]} 20. Be3
{[%clk 0:22:06]} Qh1 {[%clk 0:03:11]} 21. Qh6+ {[%clk 0:21:51]} Kg8
{[%clk 0:00:46]} 22. Qxh3 {[%clk 0:22:09]} Rxh2 {[%clk 0:30:30]} 1-0

[Event "MSRCH16"]
[Site "?"]
[Date "2026.04.11"]
[Round "2.2"]
[White "Holecko, Samuel"]
[Black "Sichnenko, Grigorij"]
[Result "1-0"]
[BlackElo "2062"]
[WhiteElo "1812"]
[LiveChessVersion "1.4.8"]

1. d4 {[%clk 1:30:46]} Nf6 {[%clk 1:30:11]} 2. Bg5 {[%clk 1:31:09]} c5
{[%clk 1:28:06]} 3. d5 {[%clk 1:31:32]} Qb6 {[%clk 1:26:48]} 4. Nc3
{[%clk 1:31:47]} d6 {[%clk 1:11:37]} 5. e4 {[%clk 1:28:52]} h6 {[%clk 1:05:09]}
6. Bd2 {[%clk 1:23:46]} g6 {[%clk 1:00:39]} 7. f4 {[%clk 1:12:20]} Bg7
{[%clk 0:48:10]} 8. Nf3 {[%clk 1:04:32]} Nbd7 {[%clk 0:43:07]} 9. Bc4
{[%clk 0:58:55]} Qc7 {[%clk 0:38:22]} 10. Qe2 {[%clk 0:42:29]} a6
{[%clk 0:33:33]} 11. e5 {[%clk 0:35:15]} dxe5 {[%clk 0:30:14]} 12. fxe5
{[%clk 0:35:35]} Ng4 {[%clk 0:28:52]} 13. d6 {[%clk 0:34:48]} Qb8
{[%clk 0:25:44]} 14. Nd5 {[%clk 0:30:28]} exd6 {[%clk 0:20:22]} 15. exd6+
{[%clk 0:24:02]} Kf8 {[%clk 0:20:43]} 16. Nc7 {[%clk 0:24:07]} Ngf6
{[%clk 0:12:09]} 17. Qe7+ {[%clk 0:21:19]} Kg8 {[%clk 0:12:32]} 18. Qxf7+
{[%clk 0:21:12]} Kh7 {[%clk 0:12:48]} 19. Bd3 Nf8 {[%clk 0:12:25]} 20. Nh4
{[%clk 0:11:09]} Rg8 {[%clk 0:10:29]} 21. Nxg6 {[%clk 0:10:37]} Nxg6
{[%clk 0:09:29]} 22. Qxg6+ {[%clk 0:10:53]} Kh8 {[%clk 0:09:53]} 23. O-O
{[%clk 0:11:07]} c4 {[%clk 0:07:43]} 24. Rxf6 {[%clk 0:09:18]} cxd3
{[%clk 0:08:04]} 25. Bc3 {[%clk 0:08:32]} Qa7+ {[%clk 0:06:39]} 26. Kh1
{[%clk 0:08:53]} 1-0

[Event "MSRCH16"]
[Site "?"]
[Date "2026.04.11"]
[Round "2.3"]
[White "Jokai, Bence"]
[Black "Simko, Jakub"]
[Result "0-1"]
[BlackElo "2025"]
[WhiteElo "1788"]
[LiveChessVersion "1.4.8"]

1. e4 {[%clk 1:30:58]} c5 {[%clk 1:30:19]} 2. c3 {[%clk 1:31:12]} d5
{[%clk 1:30:11]} 3. exd5 {[%clk 1:31:34]} Qxd5 {[%clk 1:30:33]} 4. d4
{[%clk 1:31:58]} Nc6 {[%clk 1:26:30]} 5. Nf3 {[%clk 1:31:26]} e6 {[%clk 1:25:31]}
6. Na3 {[%clk 1:30:40]} a6 {[%clk 1:21:11]} 7. Nc2 {[%clk 1:29:33]} Nf6
{[%clk 1:20:14]} 8. Be2 {[%clk 1:26:26]} Be7 {[%clk 1:19:03]} 9. O-O
{[%clk 1:26:22]} O-O {[%clk 1:18:46]} 10. Bf4 {[%clk 1:21:06]} b5
{[%clk 1:16:38]} 11. Ne5 {[%clk 1:15:39]} Nxe5 {[%clk 1:12:19]} 12. Bxe5
{[%clk 1:15:12]} Bb7 {[%clk 1:09:20]} 13. Ne3 {[%clk 1:06:28]} Qd8
{[%clk 1:04:04]} 14. Bd3 {[%clk 1:03:08]} c4 {[%clk 0:56:43]} 15. Bc2
{[%clk 1:03:03]} h6 {[%clk 0:43:58]} 16. Ng4 {[%clk 0:50:22]} Qd5
{[%clk 0:38:46]} 17. Ne3 {[%clk 0:49:01]} Qc6 {[%clk 0:37:30]} 18. f4
{[%clk 0:43:09]} Nd5 {[%clk 0:31:39]} 19. Qg4 {[%clk 0:37:41]} Nf6
{[%clk 0:18:48]} 20. Qg3 {[%clk 0:36:51]} Nh5 {[%clk 0:13:22]} 21. Qh3
{[%clk 0:36:21]} Nf6 {[%clk 0:09:08]} 22. Rf3 {[%clk 0:35:33]} Ne4
{[%clk 0:04:24]} 23. Ng4 {[%clk 0:30:52]} f6 {[%clk 0:02:26]} 24. Nxh6+
{[%clk 0:23:32]} gxh6 {[%clk 0:02:48]} 25. Rg3+ {[%clk 0:23:50]} Nxg3
{[%clk 0:03:04]} 26. Qxg3+ {[%clk 0:24:07]} Kh8 {[%clk 0:03:16]} 27. Qg6
{[%clk 0:24:09]} Qxg2+ {[%clk 0:03:15]} 28. Qxg2 {[%clk 0:24:24]} Bxg2
{[%clk 0:03:43]} 29. Kxg2 {[%clk 0:24:43]} fxe5 {[%clk 0:04:03]} 30. fxe5
{[%clk 0:24:49]} Rf4 {[%clk 0:03:21]} 31. Re1 {[%clk 0:24:19]} Rg8+
{[%clk 0:03:32]} 0-1

[Event "MSRCH16"]
[Site "?"]
[Date "2026.04.11"]
[Round "2.4"]
[White "Vasko, Matej"]
[Black "Brand, Filip"]
[Result "1-0"]
[BlackElo "1777"]
[WhiteElo "2013"]
[LiveChessVersion "1.4.8"]

1. e4 {[%clk 1:30:35]} e6 {[%clk 1:30:21]} 2. d4 {[%clk 1:30:42]} d5
{[%clk 1:30:40]} 3. e5 {[%clk 1:31:02]} Bd7 {[%clk 1:30:44]} 4. Nf3
{[%clk 1:29:40]} a6 {[%clk 1:29:58]} 5. c3 {[%clk 1:20:41]} Bb5 {[%clk 1:29:57]}
6. Bd3 {[%clk 1:18:51]} Bxd3 {[%clk 1:30:02]} 7. Qxd3 {[%clk 1:19:11]} c5
{[%clk 1:28:40]} 8. O-O {[%clk 1:14:29]} Nc6 {[%clk 1:27:50]} 9. Be3
{[%clk 1:10:16]} cxd4 {[%clk 1:14:34]} 10. Bxd4 {[%clk 1:09:11]} g5
{[%clk 1:11:13]} 11. Qe3 {[%clk 1:04:19]} g4 {[%clk 1:09:35]} 12. Ne1
{[%clk 1:00:13]} Nxd4 {[%clk 1:08:16]} 13. Qxd4 {[%clk 0:56:17]} h5
{[%clk 1:07:25]} 14. Nd3 {[%clk 0:50:34]} Ne7 {[%clk 1:06:08]} 15. Nd2
{[%clk 0:48:20]} Nf5 {[%clk 1:03:44]} 16. Qa4+ {[%clk 0:48:08]} b5
{[%clk 1:03:52]} 17. Qb3 {[%clk 0:46:48]} Qg5 {[%clk 0:59:58]} 18. Rfd1
{[%clk 0:44:04]} h4 {[%clk 0:58:04]} 19. a4 {[%clk 0:33:17]} b4 {[%clk 0:47:19]}
20. a5 {[%clk 0:29:27]} g3 {[%clk 0:43:13]} 21. Ne4 {[%clk 0:21:56]} dxe4
{[%clk 0:19:17]} 22. Qa4+ {[%clk 0:22:03]} Ke7 {[%clk 0:19:36]} 23. Qxb4+
{[%clk 0:19:13]} Ke8 {[%clk 0:19:47]} 24. Qa4+ {[%clk 0:18:16]} Ke7
{[%clk 0:20:03]} 25. Qxe4 {[%clk 0:12:16]} gxf2+ {[%clk 0:16:11]} 26. Nxf2
{[%clk 0:11:24]} Rb8 {[%clk 0:12:50]} 27. Qc6 {[%clk 0:10:24]} Bh6
{[%clk 0:09:57]} 28. Qc7+ {[%clk 0:10:13]} Kf8 {[%clk 0:10:19]} 29. Qxb8+
{[%clk 0:10:41]} Kg7 {[%clk 0:10:43]} 30. Qb7 {[%clk 0:10:13]} Ne3
{[%clk 0:09:54]} 31. Rd7 {[%clk 0:09:08]} Kg6 {[%clk 0:08:50]} 32. Qe4+
{[%clk 0:06:52]} Kg7 {[%clk 0:08:55]} 33. Nh3 {[%clk 0:06:25]} Qh5
{[%clk 0:07:21]} 34. Nf4 {[%clk 0:03:01]} Qg4 {[%clk 0:07:36]} 35. Qxe3
{[%clk 0:03:24]} Bxf4 {[%clk 0:07:57]} 36. Rxf7+ {[%clk 0:03:13]} 1-0

[Event "MSRCH16"]
[Site "?"]
[Date "2026.04.11"]
[Round "2.5"]
[White "Klenko, David"]
[Black "Ondreicka, Roman"]
[Result "1/2-1/2"]
[BlackElo "1999"]
[WhiteElo "1783"]
[LiveChessVersion "1.4.8"]

1. e4 {[%clk 1:30:55]} c5 {[%clk 1:30:55]} 2. c3 {[%clk 1:30:56]} d5
{[%clk 1:31:13]} 3. exd5 {[%clk 1:31:20]} Nf6 {[%clk 1:31:39]} 4. Nf3
{[%clk 1:31:20]} Qxd5 {[%clk 1:31:03]} 5. d4 {[%clk 1:30:29]} Nc6
{[%clk 1:30:30]} 6. Na3 {[%clk 1:29:53]} Bg4 {[%clk 1:20:16]} 7. Be3
{[%clk 1:26:32]} cxd4 {[%clk 1:20:05]} 8. Nb5 {[%clk 1:26:55]} Qd7
{[%clk 1:18:53]} 9. Nbxd4 {[%clk 1:26:08]} e6 {[%clk 1:07:39]} 10. Nxc6
{[%clk 1:19:22]} Qxd1+ {[%clk 1:03:15]} 11. Rxd1 {[%clk 1:19:46]} bxc6
{[%clk 1:03:42]} 12. Be2 {[%clk 1:16:54]} Nd5 {[%clk 1:01:28]} 13. Bc1
{[%clk 1:13:43]} Be7 {[%clk 0:58:35]} 14. Ne5 {[%clk 1:11:08]} Bxe2
{[%clk 0:58:23]} 15. Kxe2 {[%clk 1:10:43]} c5 {[%clk 0:55:16]} 16. Rhe1
{[%clk 1:04:50]} O-O {[%clk 0:52:28]} 17. a3 {[%clk 0:59:17]} Rfc8
{[%clk 0:47:17]} 18. c4 {[%clk 0:57:58]} Nb6 {[%clk 0:47:22]} 19. b3
{[%clk 0:58:19]} Bf6 {[%clk 0:39:39]} 20. f4 {[%clk 0:52:02]} g6 {[%clk 0:39:04]}
21. a4 {[%clk 0:51:43]} Bxe5 {[%clk 0:22:00]} 22. fxe5 {[%clk 0:52:11]} Rab8
{[%clk 0:20:41]} 23. a5 {[%clk 0:52:22]} Na8 {[%clk 0:21:06]} 24. Rf1
{[%clk 0:50:03]} Rb7 {[%clk 0:10:39]} 25. Be3 {[%clk 0:49:06]} h5
{[%clk 0:10:21]} 26. Rd3 {[%clk 0:47:13]} Kg7 {[%clk 0:10:36]} 27. Rfd1
{[%clk 0:46:28]} Rcb8 {[%clk 0:07:11]} 28. Rd7 {[%clk 0:45:31]} Rxb3
{[%clk 0:06:47]} 29. Rf1 {[%clk 0:45:56]} Rb2+ {[%clk 0:06:58]} 30. Bd2
{[%clk 0:45:11]} Rf8 {[%clk 0:06:38]} 31. Rxa7 {[%clk 0:45:00]} g5
{[%clk 0:06:15]} 32. Ke3 {[%clk 0:44:03]} h4 {[%clk 0:05:07]} 33. Rd7
{[%clk 0:42:43]} Ra2 {[%clk 0:04:07]} 34. Kd3 {[%clk 0:42:35]} Kg8
{[%clk 0:01:49]} 35. Kc3 {[%clk 0:42:43]} Rxa5 {[%clk 0:01:50]} 36. Bxg5
{[%clk 0:42:23]} Nb6 {[%clk 0:02:11]} 37. Rb7 {[%clk 0:42:23]} Ra3+
{[%clk 0:02:30]} 38. Kc2 {[%clk 0:42:19]} Ra2+ {[%clk 0:00:49]} 39. Kb3
{[%clk 0:42:15]} Rxg2 {[%clk 0:00:49]} 40. Bh6 {[%clk 0:42:37]} Rd8
{[%clk 0:00:32]} 41. Rxb6 {[%clk 0:42:47]} Rxh2 {[%clk 0:24:20]} 42. Rf3
{[%clk 1:11:48]} Rh1 {[%clk 0:18:53]} 43. Kc3 {[%clk 1:11:59]} h3
{[%clk 0:18:17]} 44. Rb2 {[%clk 1:11:13]} Ra8 {[%clk 0:07:17]} 45. Rg3+
{[%clk 1:09:45]} Kh7 {[%clk 0:07:23]} 46. Bf4 {[%clk 1:09:53]} Ra3+
{[%clk 0:02:04]} 47. Rb3 {[%clk 1:10:11]} Ra2 {[%clk 0:02:18]} 48. Rb2
{[%clk 1:03:43]} Ra3+ {[%clk 0:02:40]} 49. Kc2 {[%clk 1:03:43]} Rh2+
{[%clk 0:03:06]} 50. Kb1 {[%clk 1:03:51]} Rh1+ {[%clk 0:03:29]} 1/2-1/2

[Event "MSRCH16"]
[Site "?"]
[Date "2026.04.11"]
[Round "2.6"]
[White "Mazag, Martin"]
[Black "Tirko, Martin"]
[Result "1-0"]
[BlackElo "1766"]
[WhiteElo "1975"]
[LiveChessVersion "1.4.8"]

1. e4 {[%clk 1:30:57]} c6 {[%clk 1:30:58]} 2. c4 {[%clk 1:31:20]} d5
{[%clk 1:30:57]} 3. exd5 {[%clk 1:31:48]} cxd5 {[%clk 1:31:16]} 4. cxd5
{[%clk 1:32:16]} Qxd5 {[%clk 1:29:51]} 5. Nc3 {[%clk 1:32:38]} Qa5
{[%clk 1:27:46]} 6. d4 {[%clk 1:32:57]} Nf6 {[%clk 1:27:56]} 7. Nf3
{[%clk 1:33:05]} Nc6 {[%clk 1:27:05]} 8. Be3 {[%clk 1:32:02]} Bg4
{[%clk 1:26:05]} 9. h3 {[%clk 1:30:02]} Bf5 {[%clk 1:22:16]} 10. Qb3
{[%clk 1:28:13]} Qb4 {[%clk 1:07:33]} 11. Bc4 {[%clk 1:25:20]} e6
{[%clk 1:05:15]} 12. O-O {[%clk 1:24:42]} Be7 13. a3 {[%clk 1:24:15]} Qxb3
{[%clk 1:04:20]} 14. Bxb3 {[%clk 1:24:43]} O-O {[%clk 1:04:35]} 15. d5
{[%clk 1:23:46]} exd5 {[%clk 1:04:15]} 16. Nxd5 {[%clk 1:23:59]} Nxd5
{[%clk 1:04:42]} 17. Bxd5 {[%clk 1:24:20]} Bf6 {[%clk 1:03:56]} 18. Bxc6
{[%clk 1:21:54]} bxc6 {[%clk 1:04:16]} 19. Bd4 {[%clk 1:22:13]} Bxd4
{[%clk 1:04:05]} 20. Nxd4 {[%clk 1:22:41]} Be4 {[%clk 1:04:11]} 21. Rac1
{[%clk 1:22:17]} Rac8 {[%clk 1:02:55]} 22. f3 {[%clk 1:19:28]} Bd5
{[%clk 1:03:22]} 23. Rc5 {[%clk 1:19:35]} Rc7 {[%clk 1:00:30]} 24. Rfc1
{[%clk 1:19:08]} Rfc8 {[%clk 1:00:12]} 25. Nb5 {[%clk 1:13:57]} Re7
{[%clk 0:52:46]} 26. Nxa7 {[%clk 1:12:36]} Rxa7 {[%clk 0:52:25]} 27. Rxd5
{[%clk 1:12:19]} h6 {[%clk 0:52:47]} 28. Rdc5 {[%clk 1:10:57]} Ra6
{[%clk 0:50:44]} 29. Kf2 {[%clk 1:10:43]} Kf8 {[%clk 0:50:52]} 30. Re1
{[%clk 1:06:55]} Rb8 {[%clk 0:48:38]} 31. Re2 {[%clk 1:07:06]} Rab6
{[%clk 0:48:44]} 32. b4 {[%clk 1:07:18]} Ra6 {[%clk 0:48:32]} 33. Re3
{[%clk 1:07:30]} Rba8 {[%clk 0:48:42]} 34. Rcc3 {[%clk 1:07:12]} f6
{[%clk 0:47:10]} 35. Ke2 {[%clk 1:07:14]} Kf7 {[%clk 0:47:34]} 36. Kd2
{[%clk 1:07:18]} Rd8+ {[%clk 0:47:36]} 37. Kc2 {[%clk 1:07:02]} Rd5
{[%clk 0:47:43]} 38. Rcd3 {[%clk 1:01:56]} Rxd3 {[%clk 0:47:59]} 39. Rxd3
{[%clk 1:02:24]} Ke7 {[%clk 0:48:07]} 40. Kb3 {[%clk 1:02:38]} Ke6
{[%clk 0:45:07]} 41. h4 {[%clk 0:57:53]} g6 {[%clk 0:41:07]} 42. a4
{[%clk 0:57:10]} h5 {[%clk 0:41:18]} 43. b5 {[%clk 0:55:48]} cxb5
{[%clk 0:41:42]} 44. axb5 {[%clk 0:56:15]} Ra1 {[%clk 0:41:06]} 45. Kc4
{[%clk 0:56:03]} Rb1 {[%clk 0:35:56]} 46. Kc5 {[%clk 0:56:02]} Rc1+
{[%clk 0:36:20]} 47. Kb6 {[%clk 0:56:10]} g5 {[%clk 0:36:06]} 48. hxg5
{[%clk 0:52:30]} fxg5 {[%clk 0:36:32]} 49. Rd2 {[%clk 0:52:46]} Rc3
{[%clk 0:35:07]} 50. Ka7 {[%clk 0:52:36]} Ra3+ {[%clk 0:35:30]} 51. Kb7
{[%clk 0:53:04]} Rc3 {[%clk 0:35:59]} 52. b6 {[%clk 0:53:18]} g4 {[%clk 0:36:12]}
53. fxg4 {[%clk 0:53:32]} hxg4 {[%clk 0:36:40]} 54. Ka8 {[%clk 0:53:50]} Ra3+
{[%clk 0:35:21]} 55. Kb8 {[%clk 0:54:18]} Rc3 {[%clk 0:35:38]} 56. b7
{[%clk 0:54:40]} Ke7 {[%clk 0:35:36]} 57. Ra2 {[%clk 0:54:10]} Kd6
{[%clk 0:34:43]} 58. Ka8 {[%clk 0:54:23]} 1-0

[Event "MSRCH16"]
[Site "?"]
[Date "2026.04.11"]
[Round "2.7"]
[White "Kriscak, Simon"]
[Black "Janoska, Peter"]
[Result "1/2-1/2"]
[BlackElo "1953"]
[WhiteElo "1773"]
[LiveChessVersion "1.4.8"]

1. e4 {[%clk 1:30:58]} e6 {[%clk 1:30:41]} 2. Nf3 {[%clk 1:31:22]} d5
{[%clk 1:30:14]} 3. Nc3 {[%clk 1:31:46]} d4 {[%clk 1:29:14]} 4. Ne2
{[%clk 1:32:09]} c5 {[%clk 1:29:12]} 5. c3 {[%clk 1:32:18]} Nc6 {[%clk 1:27:45]}
6. cxd4 {[%clk 1:32:41]} cxd4 {[%clk 1:27:20]} 7. Qa4 {[%clk 1:33:04]} Qb6
{[%clk 1:10:41]} 8. Nexd4 {[%clk 1:16:59]} Bd7 {[%clk 1:00:29]} 9. Nxc6
{[%clk 1:02:56]} Bxc6 {[%clk 1:00:43]} 10. Qc4 {[%clk 1:03:16]} Bc5
{[%clk 0:55:18]} 11. d4 {[%clk 0:54:51]} Bb4+ {[%clk 0:46:02]} 12. Bd2
{[%clk 0:53:31]} Bxd2+ {[%clk 0:45:09]} 13. Nxd2 {[%clk 0:53:56]} Rd8
{[%clk 0:44:55]} 14. Nb3 {[%clk 0:44:50]} Bxe4 {[%clk 0:40:14]} 15. Qb5+
{[%clk 0:43:34]} Bc6 {[%clk 0:32:59]} 16. Qxb6 {[%clk 0:41:43]} axb6
{[%clk 0:32:59]} 17. Rd1 {[%clk 0:41:13]} Ne7 {[%clk 0:31:56]} 18. Be2
{[%clk 0:40:01]} Bxg2 {[%clk 0:29:49]} 19. Rg1 {[%clk 0:40:22]} Bc6
{[%clk 0:29:25]} 20. h4 {[%clk 0:35:06]} h5 {[%clk 0:27:23]} 21. Rd3
{[%clk 0:31:28]} Nf5 {[%clk 0:26:56]} 22. Kd2 {[%clk 0:11:48]} g6
{[%clk 0:26:14]} 23. Kc3 {[%clk 0:07:21]} Nxh4 {[%clk 0:23:38]} 24. Nd2
{[%clk 0:05:02]} Nf5 {[%clk 0:17:47]} 25. Nc4 {[%clk 0:03:49]} b5
{[%clk 0:12:32]} 26. Ne5 {[%clk 0:03:39]} Ne7 {[%clk 0:05:18]} 27. a3
{[%clk 0:03:14]} Nd5+ {[%clk 0:05:34]} 28. Kc2 {[%clk 0:02:08]} Nf4
{[%clk 0:05:13]} 29. Re3 {[%clk 0:02:19]} Nxe2 {[%clk 0:05:23]} 30. Rxe2
{[%clk 0:02:44]} Rxd4 {[%clk 0:04:48]} 31. Kc3 {[%clk 0:02:08]} Rd5
{[%clk 0:03:29]} 32. Kb4 {[%clk 0:01:49]} Ke7 {[%clk 0:02:25]} 33. f4
{[%clk 0:01:42]} Kf6 {[%clk 0:01:48]} 34. Ka5 {[%clk 0:01:32]} b4+
{[%clk 0:00:49]} 35. Kxb4 {[%clk 0:01:54]} Rd4+ {[%clk 0:01:06]} 36. Kc5
{[%clk 0:02:12]} Rxf4 {[%clk 0:00:39]} 37. Nxc6 {[%clk 0:02:37]} Rc8
{[%clk 0:00:35]} 38. Kb6 {[%clk 0:02:52]} bxc6 {[%clk 0:00:39]} 39. Kb7
{[%clk 0:03:17]} Rh8 {[%clk 0:00:33]} 40. Kxc6 {[%clk 0:03:34]} h4
{[%clk 0:00:45]} 41. b4 {[%clk 0:03:41]} Rc8+ {[%clk 0:16:40]} 42. Kb7
{[%clk 0:28:12]} Rc3 {[%clk 0:15:55]} 43. Ra2 {[%clk 0:26:08]} Rb3
{[%clk 0:13:38]} 44. Kb6 {[%clk 0:24:36]} Rf5 {[%clk 0:11:49]} 45. Rg4
{[%clk 0:14:27]} Rh5 {[%clk 0:09:25]} 46. a4 {[%clk 0:11:45]} h3 {[%clk 0:07:14]}
47. Rh2 {[%clk 0:09:57]} Kf5 {[%clk 0:04:27]} 48. Rc4 {[%clk 0:08:38]} g5
{[%clk 0:03:04]} 49. a5 {[%clk 0:07:11]} g4 {[%clk 0:03:07]} 50. a6
{[%clk 0:07:18]} g3 {[%clk 0:02:29]} 51. a7 {[%clk 0:06:30]} g2 {[%clk 0:00:36]}
52. Rc5+ {[%clk 0:06:33]} Kf6 {[%clk 0:00:33]} 53. a8=Q {[%clk 0:06:54]} Rxb4+
{[%clk 0:00:38]} 54. Ka5 {[%clk 0:06:53]} Rxc5+ {[%clk 0:00:37]} 55. Kxb4
{[%clk 0:07:16]} g1=Q {[%clk 0:00:59]} 56. Qd8+ {[%clk 0:07:19]} Kg7
{[%clk 0:00:46]} 57. Rxh3 {[%clk 0:07:21]} Qg4+ {[%clk 0:00:39]} 58. Kxc5
{[%clk 0:07:41]} Qxh3 {[%clk 0:01:01]} 59. Qg5+ {[%clk 0:07:57]} Kh7
{[%clk 0:00:58]} 60. Kd6 {[%clk 0:07:13]} Qa3+ {[%clk 0:01:10]} 61. Kd7
{[%clk 0:07:24]} Qd3+ {[%clk 0:00:40]} 62. Ke7 {[%clk 0:07:21]} Qg6
{[%clk 0:00:41]} 63. Qe5 {[%clk 0:06:46]} f5 {[%clk 0:00:34]} 64. Qf4
{[%clk 0:05:18]} Qh6 {[%clk 0:00:41]} 65. Qf3 {[%clk 0:05:06]} f4
{[%clk 0:00:34]} 66. Qe4+ {[%clk 0:04:18]} Kg7 {[%clk 0:00:35]} 67. Qd4+
{[%clk 0:04:22]} Kg6 {[%clk 0:00:34]} 68. Kxe6 {[%clk 0:03:32]} Kh5+
{[%clk 0:00:39]} 69. Kf5 {[%clk 0:03:13]} Qg5+ {[%clk 0:00:58]} 70. Ke4
{[%clk 0:03:35]} Kh4 {[%clk 0:00:58]} 71. Qf2+ {[%clk 0:03:55]} Kg4
{[%clk 0:00:46]} 72. Qf3+ {[%clk 0:04:13]} Kh4 {[%clk 0:00:59]} 73. Qxf4+
{[%clk 0:04:36]} Qxf4+ {[%clk 0:01:19]} 74. Kxf4 {[%clk 0:05:01]} 1/2-1/2

[Event "MSRCH16"]
[Site "?"]
[Date "2026.04.11"]
[Round "2.8"]
[White "Bernard, Matthias"]
[Black "Sekera, Timotej"]
[Result "1/2-1/2"]
[BlackElo "1916"]
[WhiteElo "1696"]
[LiveChessVersion "1.4.8"]

1. e4 {[%clk 1:30:27]} c5 {[%clk 1:29:56]} 2. Nc3 {[%clk 1:30:40]} Nc6
{[%clk 1:30:13]} 3. f4 {[%clk 1:30:08]} e6 {[%clk 1:30:29]} 4. Bb5
{[%clk 1:28:50]} Nd4 {[%clk 1:29:26]} 5. Bd3 {[%clk 1:26:42]} Qc7
{[%clk 1:17:16]} 6. g3 {[%clk 1:16:13]} Nf6 {[%clk 1:16:05]} 7. Nf3
{[%clk 1:12:29]} d6 {[%clk 1:08:42]} 8. O-O {[%clk 1:06:20]} Bd7 {[%clk 1:05:07]}
9. b3 {[%clk 0:59:43]} a6 {[%clk 0:58:47]} 10. Bb2 {[%clk 0:56:49]} Bc6
{[%clk 0:58:12]} 11. h3 {[%clk 0:49:35]} h5 {[%clk 0:52:05]} 12. Ng5
{[%clk 0:43:47]} b5 {[%clk 0:43:36]} 13. Ne2 {[%clk 0:40:31]} e5 {[%clk 0:39:57]}
14. Nxd4 {[%clk 0:37:58]} cxd4 {[%clk 0:39:55]} 15. c3 {[%clk 0:35:27]} dxc3
{[%clk 0:39:28]} 16. Bxc3 {[%clk 0:35:10]} h4 {[%clk 0:38:05]} 17. fxe5
{[%clk 0:29:54]} dxe5 {[%clk 0:37:11]} 18. g4 {[%clk 0:27:38]} O-O-O
{[%clk 0:32:22]} 19. Qe2 {[%clk 0:25:13]} Bc5+ {[%clk 0:30:00]} 20. Kh2
{[%clk 0:24:06]} Rd7 {[%clk 0:29:31]} 21. a4 {[%clk 0:21:58]} Rhd8
{[%clk 0:28:30]} 22. axb5 {[%clk 0:18:56]} Rxd3 {[%clk 0:28:35]} 23. bxc6
{[%clk 0:19:09]} Bd4 {[%clk 0:28:50]} 24. Ba5 {[%clk 0:13:10]} Bb6
{[%clk 0:28:32]} 25. Bc3 {[%clk 0:13:05]} Bd4 {[%clk 0:28:29]} 26. Ba5
{[%clk 0:13:26]} 1/2-1/2

[Event "MSRCH16"]
[Site "?"]
[Date "2026.04.11"]
[Round "2.9"]
[White "Havir, Adam"]
[Black "Binovec, Lukas"]
[Result "1-0"]
[BlackElo "1858"]
[WhiteElo "1695"]
[LiveChessVersion "1.4.8"]

1. e4 {[%clk 1:30:59]} c5 {[%clk 1:30:56]} 2. d4 {[%clk 1:31:23]} cxd4
{[%clk 1:31:22]} 3. c3 {[%clk 1:31:49]} d5 {[%clk 1:31:45]} 4. cxd4
{[%clk 1:27:50]} Nc6 {[%clk 1:30:36]} 5. exd5 {[%clk 1:25:48]} Qxd5
{[%clk 1:30:53]} 6. Nf3 {[%clk 1:25:58]} Bg4 {[%clk 1:31:15]} 7. Nc3
{[%clk 1:23:28]} Qa5 {[%clk 1:00:42]} 8. Bb5 {[%clk 1:19:20]} a6 {[%clk 0:57:05]}
9. Bxc6+ {[%clk 1:13:42]} bxc6 {[%clk 0:56:20]} 10. Qb3 {[%clk 1:07:01]} Bxf3
{[%clk 0:40:49]} 11. Qb7 {[%clk 0:56:53]} Qd8 {[%clk 0:39:27]} 12. gxf3
{[%clk 0:55:22]} Qc8 {[%clk 0:39:09]} 13. Qxc8+ {[%clk 0:54:26]} Rxc8
{[%clk 0:39:34]} 14. Be3 {[%clk 0:46:28]} g6 {[%clk 0:36:45]} 15. Ke2
{[%clk 0:43:41]} Bg7 {[%clk 0:35:58]} 16. Rac1 {[%clk 0:40:50]} e6
{[%clk 0:33:16]} 17. Na4 {[%clk 0:37:51]} Ne7 {[%clk 0:31:39]} 18. Nc5
{[%clk 0:37:18]} O-O {[%clk 0:26:01]} 19. Nxa6 {[%clk 0:36:21]} Ra8
{[%clk 0:26:12]} 20. Nb4 {[%clk 0:36:37]} Rfb8 {[%clk 0:26:02]} 21. a3
{[%clk 0:35:27]} Nd5 {[%clk 0:24:27]} 22. Rxc6 {[%clk 0:30:35]} Nxb4
{[%clk 0:24:10]} 23. axb4 {[%clk 0:30:55]} Rxb4 {[%clk 0:24:32]} 24. Rb1
{[%clk 0:30:55]} Rd8 {[%clk 0:12:46]} 25. b3 {[%clk 0:27:46]} Bxd4
{[%clk 0:07:03]} 26. Rc4 {[%clk 0:25:45]} Rxc4 {[%clk 0:07:29]} 27. bxc4
{[%clk 0:26:04]} Bxe3 {[%clk 0:07:53]} 28. fxe3 {[%clk 0:26:13]} Rc8
{[%clk 0:08:12]} 29. Rc1 {[%clk 0:26:25]} Kf8 {[%clk 0:08:17]} 30. Kd3
{[%clk 0:24:18]} Ke7 {[%clk 0:08:10]} 31. Kc3 {[%clk 0:21:12]} Kd6
{[%clk 0:07:21]} 32. Ra1 {[%clk 0:21:05]} f5 {[%clk 0:05:21]} 33. f4
{[%clk 0:21:07]} Re8 {[%clk 0:04:31]} 34. Kd4 {[%clk 0:19:19]} h6
{[%clk 0:03:32]} 35. c5+ {[%clk 0:18:33]} Kc6 {[%clk 0:03:48]} 36. Ra6+
{[%clk 0:18:52]} Kc7 {[%clk 0:03:27]} 37. Ke5 {[%clk 0:18:00]} Kd7
{[%clk 0:01:23]} 38. Rd6+ {[%clk 0:17:55]} Kc7 {[%clk 0:00:58]} 39. Rxe6
{[%clk 0:18:06]} Ra8 {[%clk 0:00:44]} 40. Rxg6 {[%clk 0:17:42]} Ra3
{[%clk 0:01:08]} 41. Rxh6 {[%clk 0:17:44]} Rxe3+ {[%clk 0:01:34]} 42. Kxf5
{[%clk 0:18:00]} Rc3 {[%clk 0:02:01]} 43. c6 {[%clk 0:18:09]} 1-0